Dally M NRL Player of the Year winners - Statistics

General Stats
  • This quiz has been taken 84 times
  • The average score is 25 of 45
Answer Stats
Hint Answer % Correct
2017 Cameron Smith
94%
2006 Cameron Smith
94%
2016 Cooper Cronk
94%
2013 Cooper Cronk
94%
2019 James Tedesco
94%
2023 Kalyn Ponga
94%
2011 Billy Slater
91%
2015 Johnathan Thurston
91%
2014 Johnathan Thurston
91%
2007 Johnathan Thurston
91%
2005 Johanthan Thurston
81%
2002 Andrew Johns
79%
1999 Andrew Johns
79%
1998 Andrew Johns
79%
2020 Jack Wighton
79%
2021 Tom Trbojevic
79%
2022 Nicho Hynes
75%
2018 Roger Tuivasa-Sheck
70%
2014 Jarryd Hayne
64%
2009 Jarryd Hayne
64%
2016 Jason Taumalolo
62%
2012 Ben Barba
58%
1987 Peter Sterling
47%
1986 Peter Sterling
47%
2010 Todd Carney
45%
1996 Allan Langer
40%
2008 Matt Orford
38%
2004 Danny Buderus
36%
1994 Cliff Lyons
34%
1990 Cliff Lyons
34%
1983 Terry Lamb
34%
1985 Greg Alexander
32%
1995 Laurie Daley
32%
2001 Preston Campbell
32%
1993 Ricky Stuart
30%
2000 Trent Barrett
30%
1991 Michael Potter
28%
1984 Michael Potter
28%
1982 Ray Price
26%
1980 Robert Laurie
23%
1979 Steve Morris
23%
1992 Gary Freeman
21%
1989 Gavin Miller
19%
1988 Gavin Miller
19%
1981 Steve Rogers
17%
No matching quizzes found
Score Distribution
Percent of People with Each Score
Percentile by Number Answered
Your Score History
You have not taken this quiz